000 01479nam a2200361 i 4500
001 77474
003 ES-MaACL
005 20250822035247.0
007 t|
008 041018s2004 sp ||||1| spa d
020 _a84-7426-691-2
080 _a316.6
080 _a342.7
245 0 0 _aPsicología y derechos humanos /
_cLuis de la Corte, Amalio Blanco, José Manuel Sabucedo (eds.) ; prólogo de Federico Mayor Zaragoza.
260 _aBarcelona :
_bIcaria,
_c[2004]
300 _a501 p. :
_bgráf. ;
_c22 cm.
490 1 _aIcaria antrazyt ;
_v202. Paz y conflictos
500 _aEn port.: Fundación Cultura de la Paz.
504 _aIncluye referencias bibliográficas.
505 8 _aIncluye: Declaración universal de los derechos humanos, p. 495-501
650 1 7 _aPsicología social
_2embne
_916573
650 1 7 _aDerechos humanos
_2embne
_911770
700 1 _aCorte Ibáñez, Luis de la.
_940835
700 1 _aBlanco Abarca, Amalio.
_929213
700 1 _aSabucedo, J. M.
_9101221
700 1 _aMayor Zaragoza, Federico,
_d1934-2024
_979415
710 2 _aNaciones Unidas.
_bAsamblea General.
_tDeclaración universal de los derechos humanos.
_95958
740 0 2 _aDeclaración universal de los derechos humanos.
830 1 _aIcaria antrazyt
_v202. Paz y conflictos
_9177286
852 4 _aES-MaACL
_jL-28272
_z- Donat. Ernesto García Camarero
852 4 _aES-MaACL
_jL-28002
_z- Donat. Ernesto García Camarero
999 _c77474
_d77474